| 000 | 00519nam a2200217Ia 4500 | ||
|---|---|---|---|
| 003 | OSt | ||
| 005 | 20221114151904.0 | ||
| 008 | 210210b2005 xxu||||| |||| 00| 0 eng d | ||
| 020 | _a0 7167 8881 0 | ||
| 040 | _cAL | ||
| 041 | _aEnglish | ||
| 082 | _a575.1 PIEG | ||
| 100 |
_aPIERCE (Benjamin A) _961912 |
||
| 245 | _aGenetics: a conceptual approach | ||
| 250 | _a2 | ||
| 260 |
_aNY _bW H Freeman and Co. _c2005 |
||
| 300 | _axxiii,720,I-17 | ||
| 690 |
_aGenetics _961913 |
||
| 906 | _a060374 | ||
| 942 |
_2ddc _cBK |
||
| 999 |
_c107283 _d107283 |
||